00390 a2200145 450000100060000002000150000604000370002110000210005824000450007924500400012430000070016436200060017144000180017765000490019573854 a8506015480 cAnchieta - Colégio São Paulo aMiddleton, Haydn10aO Cotidiano Europeu no Século XVIlpor10aO Cotidiano Europeu no Século XVI a610 a0 1aMelhoramentos 4aHistória geral da Europa - Europa Ocidetal